• 首页
  • 本馆介绍
  • 公告通知
  • 最新文献
  • 馆藏检索
  • 电子资源
  • 读者导购
  • 参考咨询
  • 我的图书馆
  • 登录
  • 详细信息显示
  • 放入我的书架
  • 预约/预借图书
  • 作者相关作品
  • 分类相关作品
  • 丛书相关作品
  • 出版社相关作品

书目信息

  • 表格格式
  • 工作单格式
  • 卡片格式
题名:
可视化未来
    
 
作者: 艾登 , 米歇尔 著 ;王彤彤 , 沈华伟 , 程学旗 译
分册:  
出版信息: 杭州   浙江人民出版社  2015
页数: 223页
开本: 24cm
丛书名: 湛庐文化
单 册:
中图分类: F2-39 , F2
科图分类:
主题词: 经济管理--Jing Ji Guan Li--数据管理
电子资源:
ISBN: 978-7-213-06850-8
000 01507nam 2200373 450
001 1656034265
005 20151101210337.0
010    @a978-7-213-06850-8@dCNY54.90
100    @a20151101d2015 em y0chiy0120 ea
101 1  @achi@ceng
102    @aCN@b330000
105    @aa z 000yy
106    @ar
200 1  @a可视化未来@AKe Shi Hua Wei Lai@e数据透视下的人文大趋势@d= Uncharted@ebig data as a lens on human culture@fErez Aiden, Jean-Baptiste Michel@f(美) 埃雷兹·艾登, (法)让-巴蒂斯特·米歇尔著@g王彤彤, 沈华伟, 程学旗译@zeng
210    @a杭州@c浙江人民出版社@d2015
215    @a223页@c图@d24cm
225 2  @a湛庐文化@AZhan Lu Wen Hua@i财富汇
300    @aTED演讲人作品
306    @a由Erez Aiden和Jean-Baptiste Michel委托Brockman, Inc.授权出版
330    @a本书以“谷歌图书”为背景,通过大量的图表讲述大数据在研究历史文化、人类语言、社会名望、群体记忆等方面的重要作用。
333    @a经济管理研究人员。
410  0 @12001 @a湛庐文化@i财富汇
500 10 @aUncharted : big data as a lens on human culture@mChinese
517 1  @a数据透视下的人文大趋势@AShu Ju Tou Shi Xia De Ren Wen Da Qu Shi
606 0  @a经济管理@AJing Ji Guan Li@x数据管理
690    @aF2-39@v5
690    @aF2@v4
701  1 @a艾登@AAi Deng@g(Aiden, Erez),@f1980-@4著
701  1 @a米歇尔@AMi Xie Er@g(Michel, Jean-Baptiste)@4著
702  0 @a王彤彤@AWang Tong Tong@4译
702  0 @a沈华伟@AShen Hua Wei@4译
702  0 @a程学旗@ACheng Xue Qi@4译
801  0 @aCN@b江苏新华@c20150511
905    @aBZT@dF2@e43
    
    可视化未来:数据透视下的人文大趋势= Uncharted:big data as a lens on human culture/Erez Aiden, Jean-Baptiste Michel/(美) 埃雷兹·艾登, (法)让-巴蒂斯特·米歇尔著/王彤彤, 沈华伟, 程学旗译.-杭州:浙江人民出版社,2015
    223页:图;24cm.-(湛庐文化.财富汇)
    TED演讲人作品.-使用对象:经济管理研究人员。
    
    ISBN 978-7-213-06850-8:CNY54.90
    本书以“谷歌图书”为背景,通过大量的图表讲述大数据在研究历史文化、人类语言、社会名望、群体记忆等方面的重要作用。
●
相关链接 在五车中查询图书 在当当中查询图书 在豆瓣中查询图书


正题名:可视化未来     索取号:F2/43         预约/预借

序号 登录号 条形码 馆藏地/架位号 状态 备注
1 796333   2000796333   第二书库/ [索取号:F2/43] 在馆    
2 796334   2000796334   第二书库/ [索取号:F2/43] 在馆    
3 796335   2000796335   第二书库/ [索取号:F2/43] 在馆    
山东省滨州职业学院图书馆 欢迎您!
大连网信软件有限公司© 版权所有